000 00577nam a2200181 a 4500
001 000039884
005 20201002033805.0
008 130726s1990 mx d 000 0 spa d
020 _a9681818326
040 _aDO-SdBNP
_bspa
_cBNPHU
082 _axxx
100 1 _aReddy, J. N.
_966094
240 1 0 _aAdvanced engineering analysis
_lespañol
245 1 0 _aAnálisis matemático avanzado :
_bcon aplicaciones a ingeniería y ciencias /
_cJ. N. Reddy , M. L. Rasmussen.
260 _aMéxico :
_bLimusa,
_c1990.
300 _a547 p.: ;
_c23 cm.
700 1 _aRasmussen, M. L.
_966095
999 _c39374
_d39374